{"text_format":"3","workbook":"xlsx","n_sheets":1,"sheets":["Sheet1"],"read":"whole","date_system":"1900"}

{"sheet":"Sheet1","index":0,"n_rows":23,"n_cols":9,"rows_kept":23,"merged":[[0,0,0,8],[1,0,1,8],[3,0,3,8],[4,0,6,0],[4,1,5,1],[7,0,7,8],[8,0,9,0],[8,1,9,1],[10,0,11,0],[10,1,11,1],[12,0,13,0],[12,1,13,1],[14,0,15,0],[14,1,15,1],[16,0,17,0],[16,1,17,1],[18,1,18,2],[20,0,20,5],[22,0,22,8]]}
["2025年泉州六中空调清洗及维护项目报价单"]
["报价单位（盖章）                日期： 2025年  月  日"]
["序号","服务项目","规格型号","预计维护数量","单位","最高限价（单价）","最高限价（总价）","项目单价","报价金额 "]
["主测算项目"]
[1,"空调深度清洗","1匹-2匹",60,"台",60,{"$f":"D5*F5","v":3600}]
[null,null,"3匹",220,"台",60,{"$f":"D6*F6","v":13200}]
[null,"空调高温清洗","1匹-3匹",30,"台",80,{"$f":"D7*F7","v":2400}]
["根据报修情况测算项目"]
[2,"空调制冷加氟利昂","1匹-2匹",20,"台",50,{"$f":"D9*F9","v":1000}]
[null,null,"3匹",60,"台",60,3600]
[3,"空调移机（含旧空调在校内拆机、运输及安装）","1匹-2匹",2,"台",200,400]
[null,null,"3匹",10,"台",300,3000]
[4,"加铜管","1匹-2匹",5,"米",60,300]
[null,null,"3匹",10,"米",90,900]
[5,"换电容","1匹-2匹",5,"个",80,400]
[null,null,"3匹",10,"个",120,1200]
[6,"空调铁架","1匹-2匹",3,"个",50,150]
[null,null,"3匹",5,"个",60,300]
[7,"空调漏水维修",null,60,"台",60,3600]
[8,"空调漏电保护开关",null,5,"个",60,300]
["合计",{"$nulls":5},{"$f":"SUM(G5:G20)","v":34350}]
[]
["备注:报价包含产品的税费、运输、保险、装卸、安装、调试和质保、工人保险等全部费用，报价总价和单价均不超过最高限价，超过视为无效报价。"]